| 000 | 01289nam0a2200313 4500 | ||
|---|---|---|---|
| 001 | RU\NLR\bibl\810849 | ||
| 005 | 20260405074943.0 | ||
| 010 |
_a5-7159-0454-4 _9100 |
||
| 021 |
_aRU _b2005-14958 _9758 |
||
| 035 | _a(NLR Aleph) 000799917 | ||
| 090 |
_a1174705 _c1174705 |
||
| 100 | _a20050617d2004 |||y0rusy50 ca | ||
| 101 | 0 | _arus | |
| 102 | _aRU | ||
| 105 | _ay ||||||||| | ||
| 200 | 1 |
_aИсторико-географические аспекты формирования расселения Зауралья Башкортостана _eучебно-методическое пособие _fР. Ясыбаева-Рахматуллина |
|
| 210 |
_aУфа _c[б.и.] _d2004 |
||
| 215 |
_a117 с. _d20 |
||
| 320 | _aБиблиогр.: с. 114-117 | ||
| 606 | 1 |
_aРасселение населения _xИсторико-географические исследования _yБашкирия _92382686 _3RU\NLR\auth\661421481 |
|
| 686 | _aС73(2)-24(2Р-6Б) | ||
| 686 | _aТ219(2Р-6Б) | ||
| 700 | 1 |
_4070 _8rus _7ca _aЯсыбаева-Рахматуллина _bР. С. _gРамзия Самигулловна _3RU\NLR\auth\7726630 _99669 |
|
| 801 | 0 |
_aRU _bNLR _c20050617 _gPSBO |
|
| 801 | 1 |
_aRU _bNLR _c20050617 |
|
| 942 | _cBOOK | ||
| 980 | _aNB | ||
| 980 | _aNBR | ||